000
00261nam a2200097Ia 4500
001
804537
005
20250826171135.0
008
250824s9999 xx 000 0 und d
245
0
_a
BÖYLE ŞEYLER FİLMLERDE OLUR
_c
İSMAİL KILIÇARSLAN
260
_b
KETEBE YAYINLARI
999
_c
804537
_d
804537